Sąsiedzi 1,2 i 3 stopnia Polski - Statystyki

Ogólne statystyki
  • Ten quiz został rozwiązany 34 razy
    19 od ostatniego zresetowania
  • Średni wynik to 46 z 53
Statystyki odpowiedzi
Kontynent Stopień sąsiedztwa Państwo % Poprawnych
Europa 2 Francja
100%
Europa 1 Niemcy
100%
Europa 1 Białoruś
94%
Azja 2 Chiny
94%
Europa 3 Chorwacja
94%
Europa 1 Czechy
94%
Europa 2 Finlandia
94%
Europa i Afryka 3 Hiszpania
94%
Europa 2 Holandia
94%
Europa i Azja 2 Kazachstan
94%
Azja 2 Korea Północna
94%
Europa 1 Litwa
94%
Europa 2 Łotwa
94%
Europa 2 Norwegia
94%
Europa i Azja 1 Rosja
94%
Europa 2 Rumunia
94%
Europa 3 Słowenia
94%
Europa 3 Szwecja
94%
Europa i Azja 3 Turcja
94%
Europa 1 Ukraina
94%
Europa 3 Włochy
94%
Europa/Azja 3 Armenia
88%
Europa 2 Austria
88%
Europa 2 Belgia
88%
Europa 2 Dania
88%
Europa 2 Estonia
88%
Europa/Azja 2 Gruzja
88%
Europa 2 Luksemburg
88%
Europa 2 Mołdawia
88%
Azja 3 Pakistan
88%
Europa 1 Słowacja
88%
Europa 2 Szwajcaria
88%
Europa 2 Węgry
88%
Azja 3 Afganistan
82%
Europa 3 Andora
82%
Europa 3 Bułgaria
82%
Azja 3 Iran
82%
Azja 3 Korea Południowa
82%
Europa 3 Liechtenstein
82%
Azja 2 Mongolia
82%
Azja 3 Tadżykistan
82%
Europa/Azja 2 Azerbejdżan
76%
Azja 3 Indie
76%
Europa 3 Serbia
76%
Azja 3 Uzbekistan
76%
Azja 3 Wietnam
76%
Azja 3 Bhutan
71%
Azja 3 Kirgistan
71%
Azja 3 Laos
71%
Azja 3 Nepal
71%
Azja 3 Turkmenistan
71%
Europa 3 Monako
65%
Azja 3 Mjanma
59%
Nie znaleziono quizów pasujących do podanych kryteriów
Rozkład punktacji
Procent ludzi z każdym wynikiem
Percentyl według liczby udzielonych odpowiedzi
Twoja historia wyników
Nie rozwiązałeś tego quizu od ostatniego zresetowania